| 000 | 01209nam a2200265 a 4500 | ||
|---|---|---|---|
| 001 | BRCA_1807 | ||
| 005 | 20190320203546.0 | ||
| 008 | 970828s1996 sp-a---##b---#001-0#spa-d | ||
| 020 | _a8492004584 | ||
| 040 |
_aDLC _cDLC |
||
| 050 | 4 |
_aND801 _b.P47 1996 |
|
| 100 | 1 |
_aPérez Sánchez, Alfonso E. _92166 |
|
| 245 | 1 | 0 |
_aPintura española recuperada _bpor el coleccionismo privado _cpreparación, texto y catálogo Alfonso E. Pérez Sánchez ; con la colaboración de Benito Navarrete Prieto. |
| 260 |
_aSevilla _bFundación Fondo de Cultura de Sevilla _c[1996] |
||
| 300 |
_a197 p. _bil. (algunas a color) _c28 cm. |
||
| 500 | _aCatálogo de la exposición realizada en el Hospital de los Venerables (Sevilla), diciembre 1996 - febrero 1997 y en la Real Academia de Bellas Artes de San Fernando (Madrid), febrero - abril, 1997 | ||
| 500 | _aIncluye índice de artistas | ||
| 500 | _aColección Sonia Corcuera de Mancera | ||
| 504 | _aBibliografía : p. 191-196 | ||
| 650 | 1 | 4 |
_aPintura española _vExposiciones _xConservación y restauración _95625 |
| 650 | 1 | 4 |
_aPintura _vExposiciones _xColecciones privadas _zEspaña _95626 |
| 700 | 1 |
_aNavarrete Prieto, Benito _95627 |
|
| 902 | _aDSC | ||
| 942 |
_2lcc _cB |
||
| 999 |
_c1588 _d1588 |
||